000 00336nam a22001457a 4500
008 210312b ||||| |||| 00| 0 eng d
020 _a9780132556439
041 _aeng
080 _26th
_a338
082 _a338
100 _a53
101 _aMEN
245 _aA Framework for Human Resource Management
_cDessler, G
942 _2udc
_cBK
999 _c56542
_d56542